Online
Catalog

José Martí : (Record no. 23214)

MARC details
000 -CABECERA
campo de control de longitud fija 00591nam a2200169 a 4500
001 - NÚMERO DE CONTROL
campo de control 000023718
005 - FECHA Y HORA DE LA ÚLTIMA TRANSACCIÓN
campo de control 20200930022420.0
008 - DATOS DE LONGITUD FIJA--INFORMACIÓN GENERAL
campo de control de longitud fija 101221s1992 ve r 000 0 spa d
040 ## - FUENTE DE LA CATALOGACIÓN
Centro catalogador/agencia de origen DO-SdBNP
Lengua de catalogación spa
Centro/agencia transcriptor BNPHU
082 ## - NÚMERO DE LA CLASIFICACIÓN DECIMAL DEWEY
Número de clasificación nn*
Número de documento/Ítem nn*
049 ## - FONDOS LOCALES (OCLC)
Fondos de biblioteca BNGR
100 1# - ENTRADA PRINCIPAL--NOMBRE DE PERSONA
Nombre de persona Morales Pérez, Salvador.
9 (RLIN) 48841
245 10 - MENCIÓN DE TÍTULO
Título José Martí :
Resto del título político y poeta /
Mención de responsabilidad, etc. Salvador Morales Pérez y Osmar Sánchez Aguilera.
260 ## - PUBLICACIÓN, DISTRIBUCIÓN, ETC.
Lugar de publicación, distribución, etc. Valencia, Venezuela :
Nombre del editor, distribuidor, etc. Universidad de Carabobo. Cátedra Libre Universitaria José Martí,
Fecha de publicación, distribución, etc. 1992.
300 ## - DESCRIPCIÓN FÍSICA
Extensión 189 p. ;
Dimensiones 21 cm.
700 1# - PUNTO DE ACCESO ADICIONAL--NOMBRE DE PERSONA
Nombre de persona Sánchez Aguilera, Osmar.
9 (RLIN) 48842
Holdings
Estado de retiro Estado de pérdida Restricciones de uso No para préstamo Código de colección Localización permanente Ubicación/localización actual Ubicación en estantería Fecha de adquisición Número de inventario Total de préstamos Signatura topográfica completa Código de barras Fecha visto por última vez Precio válido a partir de Tipo de ítem Koha
        Monografías: Libros y Folletos General General En catalogación 21.12.2010 LF1   nn* nn* 23718-10 25.06.2020 25.06.2020 Préstamo en sala

Powered by Koha